| 000 | 00360nam a22001577a 4500 | ||
|---|---|---|---|
| 003 | SGT | ||
| 020 | _a978938934525009 | ||
| 082 |
_a614.44 _bO23S |
||
| 100 | _aSINGH, MUKHMOHIT | ||
| 245 | _aONE TOUCH PREVENTIVE & SOCIAL MEDICINE | ||
| 250 | _a1ST | ||
| 260 |
_aINDIA _bCBS PUB _c2023 |
||
| 300 | _a120 | ||
| 650 | _aCOMMUNITY MEDICINE | ||
| 942 |
_2ddc _cBK |
||
| 999 |
_c26844 _d26844 |
||